Loading...
| Science - Physics | 0 | 7 | 1 | 0 | 65 | 48 | 71.57 | 0 | 6 | 26.02 | 48.86 |
| Science - Chemistry | 0 | 6 | 0 | 1 | 60 | 27 | 75.17 | 1 | 3 | 18.72 | 30.68 |
| Science - Other | 0 | 5 | 1 | 0 | 45 | 61 | 80.40 | 1 | 3 | 14.02 | 30.68 |
| Science - Biology | 0 | 4 | 1 | 2 | 35 | 78 | 97.00 | 0 | 2 | 4.84 | 13.64 |
| Social Science | 0 | 4 | 1 | 0 | 35 | 67 | 78.00 | 1 | 3 | 11.67 | 27.27 |
| Literature - European | 0 | 3 | 0 | 0 | 30 | 92 | 97.33 | 0 | 1 | 7.91 | 15.91 |
| Fine Arts - Other | 0 | 3 | 0 | 1 | 30 | 99 | 120.33 | 0 | 1 | 1.33 | 7.95 |
| Literature - British | 0 | 3 | 1 | 0 | 25 | 77 | 97.67 | 0 | 1 | 9.39 | 13.64 |
| Literature - American | 0 | 3 | 1 | 0 | 25 | 86 | 98.00 | 0 | 2 | 7.99 | 20.45 |
| History - World | 0 | 3 | 1 | 0 | 25 | 89 | 98.67 | 0 | 1 | 7.56 | 17.05 |
| Geography | 0 | 2 | 0 | 0 | 20 | 94 | 100.50 | 0 | 1 | 15.15 | 37.50 |
| History - European | 0 | 2 | 1 | 0 | 15 | 90 | 94.50 | 0 | 1 | 4.69 | 6.82 |
| Fine Arts - Painting and Sculpture | 0 | 1 | 0 | 1 | 10 | 115 | 115.00 | 0 | 0 | 0.08 | 2.27 |
| Fine Arts - Classical Music | 0 | 1 | 0 | 0 | 10 | 90 | 90.00 | 1 | 1 | 2.33 | 9.09 |
| Popular Culture | 0 | 1 | 0 | 0 | 10 | 74 | 74.00 | 0 | 0 | 16.55 | 12.50 |
| History - Other | 0 | 1 | 0 | 0 | 10 | 89 | 89.00 | 0 | 1 | 2.40 | 5.68 |
| Religion | 0 | 1 | 2 | 0 | 0 | 88 | 88.00 | 1 | 1 | 1.75 | 9.09 |
| Other Academic | 0 | 0 | 1 | 0 | -5 | 0.00 | 0 | 0 | 0.00 | 0.00 | |
| History - American | 0 | 0 | 2 | 0 | -10 | 0.00 | 0 | 0 | 0.00 | 0.00 | |
| Literature - World | 0 | 0 | 2 | 0 | -10 | 0.00 | 0 | 0 | 0.00 | 0.00 |